Una introducción a la macroeconomía (Record no. 67966)

MARC details
000 -LEADER
fixed length control field 00695cam a2200205 4500
005 - DATE AND TIME OF LATEST TRANSACTION
control field 20260121130441.0
008 - FIXED-LENGTH DATA ELEMENTS--GENERAL INFORMATION
fixed length control field 041206t sp 000 0 spa u
020 ## - INTERNATIONAL STANDARD BOOK NUMBER
International Standard Book Number 848155667X
050 04 - LIBRARY OF CONGRESS CALL NUMBER
Classification number HB172.5
Item number A53 2000
100 1# - MAIN ENTRY--PERSONAL NAME
Personal name Andreu, José Miguel
245 14 - TITLE STATEMENT
Title Una introducción a la macroeconomía
Remainder of title : complemento de ejercicios tipo-test
Statement of responsibility, etc / José Miguel Andreu ; con la colaboración de Rebeca de Juan.
250 ## - EDITION STATEMENT
Edition statement 1a ed.
260 ## - PUBLICATION, DISTRIBUTION, ETC. (IMPRINT)
Place of publication, distribution, etc Madrid :
Name of publisher, distributor, etc Dykinson,
Date of publication, distribution, etc 2000
300 ## - PHYSICAL DESCRIPTION
Extent 69 p. ;
Dimensions 25 cm.
506 ## - RESTRICTIONS ON ACCESS NOTE
Terms governing access Fomes 2003
650 #7 - SUBJECT ADDED ENTRY--TOPICAL TERM
Source of heading or term lemb
Topical term or geographic name as entry element Macroeconomía
General subdivision Problemas, ejercicios, etc.
650 #7 - SUBJECT ADDED ENTRY--TOPICAL TERM
Source of heading or term lemb
Topical term or geographic name as entry element Economía
700 1# - ADDED ENTRY--PERSONAL NAME
Personal name Juan, Rebeca de,
Relator term colaborador
942 ## - ADDED ENTRY ELEMENTS (KOHA)
Source of classification or shelving scheme Biblioteca del Cogreso de los Estados Unidos
Koha item type Libro
Holdings
Estado de pérdida Fuente de clasificación Estado del daño No para préstamo Ubicación permanente Ubicación actual Apartado o colección Fecha de adquisición Fuente de adquisición Edición Dependencia de educación superior (DES) Área del conocimiento Clasificación Código de Barras Date last seen Número de copia Costo por reposición Tipo de recurso
  Biblioteca del Cogreso de los Estados Unidos   Uso interno Biblioteca Biblioteca de la Facultad de Economía Biblioteca de la Facultad de Economía General 20/01/2026 FOMES 2003 1a ed. Ciencias Económico Administrativas Ciencias Sociales y Administrativas HB172.5 A53 2000 BFE000000744 28/11/2016 1 1.00 Libro